Titres restés le plus longtemps dans le Top 10 en France - Statistiques

Statistiques générales
  • Ce quiz a été pris 27 fois
  • Le résultat moyen est 16 sur 31
Statistiques - réponses
Semaines Artiste Chanson Année % Correct
29 Luis Fonsi feat. Daddy Yankee Despacito 2017
88%
27 Stromae Formidable 2013
84%
37 Pharrell Williams Happy 2013
80%
46 Lady Gaga & Bradley Cooper Shallow 2018
80%
35 Sia Chandelier 2014
76%
31 Daniel Lavoie, Patrick Fiori & Garou Belle 1998
72%
36 Ed Sheeran Shape of You 2017
72%
26 Angèle Balance ton quoi 2019
68%
27 Helmut Fritz Ça m'énerve 2009
68%
25 Maître Gims & Vianney La Même 2018
68%
31 Alizée Moi... Lolita 2000
68%
33 Trois Cafés Gourmands A nos souvenirs 2018
60%
26 Carly Rae Jepsen Call Me Maybe 2012
56%
37 Tones and I Dance Monkey 2019
56%
28 Rag'n'Bone Man Human 2016
56%
30 Daniel Lévi L'Envie d'aimer 2000
56%
35 The Weeknd Blinding Lights 2019
52%
26 Larusso Tu m'oublieras 1998
52%
31 Céline Dion Pour que tu m'aimes encore 1995
44%
28 Ilona Mitrecey Un monde parfait 2005
44%
26 Robin Thicke feat. T.I. & Pharrell Williams Blurred Lines 2013
40%
26 Jordy Dur dur d'être bébé 1992
40%
26 Daft Punk feat. Pharrell Williams & Nile Rodgers Get Lucky 2013
40%
25 Youssou N'Dour & Neneh Cherry 7 Seconds 1994
32%
26 Imany Don't Be So Shy (Filatov & Karas remix) 2016
32%
26 Lou Bega Mambo No. 5 (A little bit of...) 1999
32%
28 Lilly Wood and the Prick & Robin Schulz Prayer in C (Robin Schulz remix) 2014
32%
28 Enrique Iglesias feat. Nâdiya Tired of Being Sorry (Laisse le destin l'emporter) 2008
24%
29 The Weeknd feat. Daft Punk I Feel It Coming 2016
20%
25 Lady Gaga Always Remember Us This Way 2018
16%
30 Kungs vs Cookin' on 3 Burners feat. Kylie Auldist This Girl 2016
16%
Aucun quiz correspondant
Distribution des résultats
% des personnes avec chaque résultat
Percentile par nombre de réponses
Votre historique - résultats
Vous n’avez pas pris ce quiz